00862nam a2200265 i 4500001001000000003000900010005001700019007000300036008004100039020001800080040003000098041000800128082002400136100004700160245008700207250002200294264004400316300002800360336002700388337003300415338002800448500007100476650002200547650002700569000039293DO-SdBNP20250318112415.0ta130621s2013 dr 000 0 spa d a9789945165210 aDO-SdBNPbspacBNPHUerda aspa 4aRD863.44bR457b2221 aReyes Pérez, Freddy,d1936-eautor4aut.10aDel bachiller que construyó un aeroplano en el patio de su casa /cFreddy Reyes. aPrimera edición aSanto Domingo :bEditora Búho,c2013. a338 páginas ;c24 cm. atextobtxt2rdacontent asin mediaciónbn2rdamedia avolumenbnc2rdacarrier aIncluye datos biográficos del autor en la solapa de la cubierta. 4aNovela dominicana 4aLiteratura dominicana.